Statistics for State Quiz - Tennessee

Click here to take the quiz!

General Stats

  • This quiz has been taken 22,868 times
    (17,928 since last reset)
  • The average score is 13 of 20

Answer Stats

HintAnswer% Correct
Capital and largest cityNashville
98%
Former largest cityMemphis
92%
Last name of Billy Ray and MileyCyrus
89%
River on Tennessee's western borderMississippi
88%
Nickname of the above{Music} City
81%
Elvis's mansionGraceland
77%
Senator from Tennessee who
almost became President in 2000
Al Gore
76%
Dolly Parton's theme parkDollywood
68%
There's an old song about a
"choo-choo" from this city
Chattanooga
65%
"Grand Ole" country music radio showGrand Ole Opry
62%
"King of the Wild Frontier"Davy Crockett
60%
1982 World's Fair host cityKnoxville
59%
Most-visited National Park
in the United States
Great Smoky
Mountains
55%
President whose Tennessee estate
is called "The Hermitage"
Andrew Jackson
52%
Teacher who was tried for teaching
evolution in the "Monkey Trial" of 1925
John Scopes
46%
Street in the above called the
"birthplace of blues"
Beale Street
44%
State nicknameThe {Volunteer}
State
44%
Three letter federal agency that
electrified rural areas in the 1930s
TVA
42%
City that makes Jack Daniel's whiskeyLynchburg
34%
City established in 1942 as a secret
nuclear research site
Oak Ridge
27%

Score Distribution

Percentile by Number Answered

Percent of People with Each Score

Your Score History

You have not taken this quiz since the last reset